000 01021nas a2200313 4500
001 BR2014007874
003 BR-BrBNA
005 20231205124816.0
007 ta
008 230509b bl.|||p| |||| 00| 00por d
040 _aBR-BrBNA
_bpor
_cBiblioteca Nacional de Agricultura
041 _a(Pt)
072 _aL51
100 1 _aMachado, P.A.S.
100 1 _aValadares Filho, S. de C.
100 1 _aValadares, R.F.D.
100 1 _aPaulino, M.F.
100 1 _aPina, P.D. dos S.
100 1 _aPaixão, M.L.
245 1 _aParâmetros nutricionais e produtivos em bovinos de corte a pasto alimentados com diferentes quantidades de suplemento
650 _aGADO DE CORTE
650 _aSUPLEMENTO ALIMENTAR
650 _aDIGESTIBILIDADE
650 _aCONSUMO
773 0 _tRevista Brasileira de Zootecnia (Brazil)
_xISSN 1806-9290
_g(Jun 2011), v. 40(6) p. 1303-1312
_wBR2014007874
856 4 0 _uhttp://www.scielo.br/pdf/rbz/v40n6/20.pdf
909 _a202311
_bLúcia
_c55
_dLúcia Elande
942 _2AGRIS
_n0
_cANA
999 _c241013
_d241013